Statistics for World Chess Champions

Click here to take the quiz!

General Stats

  • This quiz has been taken 1,943 times
    (1,208 since last reset)
  • The average score is 14 of 28

Answer Stats

Year(s)Answer% Correct
1993–2000Kasparov
92%
1985–1993Kasparov
92%
2013–2023Carlsen
90%
1972–1975Fischer
89%
1975–1985Karpov
80%
1993–1999Karpov
80%
2007–2013Anand
71%
2000–2002Anand
71%
2023-PresentLiren
67%
1921–1927Capablanca
57%
1969–1972Spassky
54%
1960–1961Tal
54%
2000–2006Kramnik
50%
2006–2007Kramnik
50%
1927–1935Alekhine
43%
1937–1946Alekhine
43%
1894–1921Lasker
40%
1948–1957Botvinnik
38%
1961–1963Botvinnik
38%
1958–1960Botvinnik
38%
1886–1894Steinitz
36%
2005–2006Topalov
33%
1935–1937Euwe
31%
1963–1969Petrosian
31%
1957–1958Smyslov
22%
2002–2004Ponomariov
12%
1999–2000Khalifman
9%
2004–2005Kasimdzhanov
6%

Score Distribution

Percentile by Number Answered

Percent of People with Each Score

Your Score History

You have not taken this quiz since the last reset